000 00846nam a22001937a 4500
999 _c57084
_d57084
003 Ge_BSU
005 20191127130930.0
008 191114s2019 ge ||||| |||| 00| 0 geo d
020 _a9789941265297
041 _ageo
080 _a398(479.22)+821.353.1.09-91 მ-44
100 _aმახარაშვილი, გიორგი.
_95319
245 _aდიდი წარღვნის ლეგენდა აჭარის ფოლკლორში /
_cგიორგი მახაღაშვილი ; რედ. თინა შიოშვილი.
264 _aთბილისი :
_bუნივერსალი,
_c2019.
300 _a199 გვ.:
_c20 სმ.
653 _aფოლკლორი
700 _aშიოშვილი, თინა.
_eრედაქტორი
_91855
942 _2udc
_cBK